Marketing research methodological foundations
Salvato in:
| Autore principale: | |
|---|---|
| Altri autori: | |
| Natura: | Libro |
| Lingua: | inglese |
| Pubblicazione: |
[S.l.]
South-Western Publ. Co.
2002
|
| Edizione: | 8th ed. |
| Soggetti: | |
| Tags: |
Nessun Tag, puoi essere il primo ad aggiungerne!!
|
MARC
| LEADER | 00000nam$a2200000$$$4500 | ||
|---|---|---|---|
| 001 | 0010281 | ||
| 005 | 20221129101049.3 | ||
| 020 | |a 0-030-33101-3 | ||
| 041 | 0 | |a eng | |
| 044 | |a US | ||
| 245 | 1 | 0 | |a Marketing research |b methodological foundations |c Gilbert A. Churchill, Jr. and Dawn Iacobucci |
| 250 | |a 8th ed. | ||
| 264 | 1 | |a [S.l.] |b South-Western Publ. Co. |c 2002 | |
| 300 | |a xxvi, 1006 s. | ||
| 610 | 2 | 0 | |a prieskum trhu |
| 610 | 2 | 0 | |a zber dát |
| 610 | 2 | 0 | |a analýza trhu |
| 610 | 2 | 0 | |a analýzy |
| 610 | 2 | 0 | |a trh |
| 610 | 2 | 0 | |a spracovanie dát |
| 100 | 1 | |a Churchill, Gilbert A., Jr. | |
| 700 | 1 | |a Iacobucci, Dawn | |